GINEKOLOGI : (Record no. 4939)
[ view plain ]
| 000 -LEADER | |
|---|---|
| fixed length control field | 00726nam a22002177a 4500 |
| 005 - DATE AND TIME OF LATEST TRANSACTION | |
| control field | 20220419093938.0 |
| 008 - FIXED-LENGTH DATA ELEMENTS--GENERAL INFORMATION | |
| fixed length control field | 220419b2022 my ||||| |||| 00| 0 may d |
| 020 ## - INTERNATIONAL STANDARD BOOK NUMBER | |
| International Standard Book Number | 9789834913977 |
| Terms of availability | RM 43.00 |
| 040 ## - CATALOGING SOURCE | |
| Original cataloging agency | AKMAL |
| 082 00 - DEWEY DECIMAL CLASSIFICATION NUMBER | |
| Classification number | 618.1 NIK |
| 090 ## - LOCALLY ASSIGNED LC-TYPE CALL NUMBER (OCLC); LOCAL CALL NUMBER (RLIN) | |
| Classification number (OCLC) (R) ; Classification number, CALL (RLIN) (NR) | 618.1 |
| Local cutter number (OCLC) ; Book number/undivided call number, CALL (RLIN) | NIK |
| 100 0# - MAIN ENTRY--PERSONAL NAME | |
| Personal name | Nik Hazlina Nik Hussain, |
| 9 (RLIN) | 9399 |
| 245 10 - TITLE STATEMENT | |
| Title | GINEKOLOGI : |
| Remainder of title | Ilmu Kesihatan Wanita |
| Statement of responsibility, etc. | Nik Hazlina Nik Hussain |
| 264 #1 - PRODUCTION, PUBLICATION, DISTRIBUTION, MANUFACTURE, AND COPYRIGHT NOTICE | |
| Place of production, publication, distribution, manufacture | Kuala Lumpur |
| Name of producer, publisher, distributor, manufacturer | Dewan Bahasa dan Pustaka, |
| Date of production, publication, distribution, manufacture, or copyright notice | 2017 |
| 300 ## - PHYSICAL DESCRIPTION | |
| Extent | xiii, 578 pages : |
| Other physical details | colour illustrations, colour photographs ; |
| Dimensions | 23 cm |
| 500 ## - GENERAL NOTE | |
| General note | Includes index |
| 504 ## - BIBLIOGRAPHY, ETC. NOTE | |
| Bibliography, etc. note | Bibliography: pages 561-568 |
| 650 10 - SUBJECT ADDED ENTRY--TOPICAL TERM | |
| Topical term or geographic name entry element | Gynecology |
| 9 (RLIN) | 9400 |
| 650 20 - SUBJECT ADDED ENTRY--TOPICAL TERM | |
| Topical term or geographic name entry element | Generative organs, Female |
| General subdivision | Diseases |
| 9 (RLIN) | 9401 |
| 942 ## - ADDED ENTRY ELEMENTS (KOHA) | |
| Source of classification or shelving scheme | |
| Koha item type | Book |
| Withdrawn status | Lost status | Source of classification or shelving scheme | Damaged status | Not for loan | Collection code | Home library | Current library | Shelving location | Date acquired | Inventory number | Total Checkouts | Full call number | Barcode | Date last seen | Price effective from | Koha item type |
|---|---|---|---|---|---|---|---|---|---|---|---|---|---|---|---|---|
| NON-FICTION | AKMAL Melaka | AKMAL Melaka | PINJAMAN | 19.04.2022 | 011473 | 618.1 NIK | 201708119 | 19.04.2022 | 19.04.2022 | Book |
